000 00396 a2200133 4500
005 20250516151700.0
020 _a978-93-5110-225-0
082 _a658.404 BER
100 _aBERKUN, S.
245 _aMaking Things Happen : Mastering Project Management.
260 _aNew Delhi,
_bShroff Publishers & Distributors,
_c2008.
300 _axiii,392p.: ill.; figure, table
_bIndex
_c23cm.
942 _2ddc
_cBKS
999 _c2421
_d2421